| 000 | 01018pam a2200289 a 4500 | ||
|---|---|---|---|
| 090 | _c0 | ||
| 001 | 1616024 | ||
| 005 | 19960610100421.1 | ||
| 008 | 950920s1996 njua 001 0 eng | ||
| 010 | _a 95025644 | ||
| 020 |
_a0133666670 : _c$45.00 |
||
| 040 |
_aDLC _cDLC _dDLC |
||
| 050 | 0 | 0 |
_aQA76 _b.L576 1996 |
| 082 | 0 | 0 |
_a004 _220 _bLON |
| 100 | 1 | _aLong, Larry E. | |
| 245 | 1 | 0 |
_aComputers / _cLarry Long, Nancy Long. |
| 250 | _a4th ed. | ||
| 260 |
_aUpper Saddle River, NJ : _bPrentice Hall, _cc1996. |
||
| 300 |
_a1 v. (various pagings) : _bill. (some col.) ; _c28 cm. |
||
| 500 | _aIncludes index. | ||
| 650 | 0 | _aComputers. | |
| 650 | 0 | _aElectronic data processing. | |
| 700 | 1 |
_aLong, Nancy, _d1947- |
|
| 942 |
_2ddc _cBB |
||
| 999 |
_c10637 _d10637 |
||